| 000 | 01328cam a2200157 4500500 | ||
|---|---|---|---|
| 005 | 20260201080840.0 | ||
| 041 | _afre | ||
| 042 | _adc | ||
| 100 | 1 | 0 |
_aMoreau de Bellaing, Louis _eauthor |
| 245 | 0 | 0 | _aValeria Alicia Hernandez, Laboratoire : mode d’emploi. Science, hiérarchies et pouvoirs. Paris, L’Harmattan, Coll. Anthropologie critique dirigée par Gérard Althabe et Monique Selim, 2001. |
| 260 | _c2005. | ||
| 500 | _a74 | ||
| 520 | _aJosette DEBROUX, The Creation of the French Ruralists Association : A Strategy for the Revalorization of Rural Studies ? The creation of the French Ruralists Association in 1974, by well-known sociologists and ethnologists who intended to organize and create « rural social sciences », can be interpreted as a strategy designed to revalorize a research field. The point of view of the founders relative to the state of « rural studies », congruent with the political and administrative point of view of the social sciences, reveals certain charactistics of this research field and the positions and dispositions of those who (or who claim to) represent it. | ||
| 786 | 0 | _nL'Homme & la Société | 155 | 1 | 2005-03-01 | p. 203e-221e | 0018-4306 | |
| 856 | 4 | 1 | _uhttps://shs.cairn.info/revue-l-homme-et-la-societe-2005-1-page-203e?lang=fr&redirect-ssocas=7080 |
| 999 |
_c1640187 _d1640187 |
||